000
00301 a2200109 4500
001
ART_20461
005
20260410161927.0
008
260409a
245
1
0
_a
Economic Growth and Economic Order
100
1
_a
Schneider, Erich
773
0
_t
Economics
_g
- Vol. 3 (ene. 1971)
_w
REV20320
999
_c
28285
_d
28285